Kalila and Dimna : (Record no. 2968)
[ view plain ]
| 000 -LEADER | |
|---|---|
| fixed length control field | 00814nac a22002291u 4500 |
| 010 ## - LIBRARY OF CONGRESS CONTROL NUMBER | |
| LC control number | 79017425 |
| 020 ## - INTERNATIONAL STANDARD BOOK NUMBER | |
| International Standard Book Number | 0394506936 |
| 022 ## - INTERNATIONAL STANDARD SERIAL NUMBER | |
| International Standard Serial Number | 0586084096 |
| 082 00 - DEWEY DECIMAL CLASSIFICATION NUMBER | |
| Classification number | 398.2452 |
| Item number | W85012 |
| 090 ## - LOCALLY ASSIGNED LC-TYPE CALL NUMBER (OCLC); LOCAL CALL NUMBER (OCLC) | |
| -- | 2968 |
| -- | 2968 |
| 100 ## - MAIN ENTRY--PERSONAL NAME | |
| Personal name | Wood, Ramsay, |
| 245 10 - TITLE STATEMENT | |
| Title | Kalila and Dimna : |
| Remainder of title | selected fables of Bidpai / |
| Statement of responsibility, etc | retold by Ramsay Wood ; illustrated by Margaret Kilrenny. |
| 250 ## - EDITION STATEMENT | |
| Edition statement | 1st ed. |
| 260 ## - PUBLICATION, DISTRIBUTION, ETC. (IMPRINT) | |
| Place of publication, distribution, etc | Canada : |
| Name of publisher, distributor, etc | Granada Publishing, |
| Date of publication, distribution, etc | 1980. |
| 300 ## - PHYSICAL DESCRIPTION | |
| Extent | xix, 262 p. : |
| Other physical details | ill. ; |
| Dimensions | 22 cm. |
| 500 ## - GENERAL NOTE | |
| General note | Donations. |
| 500 ## - GENERAL NOTE | |
| General note | Donations - Dr. Mostafa Gouda. |
| 504 ## - BIBLIOGRAPHY, ETC. NOTE | |
| Bibliography, etc | Includes bibliographical references. |
| 650 #0 - SUBJECT ADDED ENTRY--TOPICAL TERM | |
| Topical term or geographic name as entry element | Fables. |
| 942 ## - ADDED ENTRY ELEMENTS (KOHA) | |
| Item type | Book - Borrowing |
| Call number prefix | 398.2452W85012 |
| Withdrawn status | Item status | Damaged status | Not for loan | Home library | Current library | Shelving location | Date acquired | Source of acquisition | Total Checkouts | Full call number | Barcode | Date last seen | Koha item type |
|---|---|---|---|---|---|---|---|---|---|---|---|---|---|
| Central Library | Central Library | First floor | 07/03/2013 | Purchase | 398.2452 WOO | 000001215 | 15/07/2025 | Book - Borrowing |